Quiz - Spécial Grande Vadrouille - Statistiques

Statistiques générales
  • Ce quiz a été pris 3 fois
  • Le résultat moyen est 2 sur 9
Statistiques - réponses
Par images Réponse % Correct
Augustin Bouvet
67%
stanislas lefort
67%
le pêcheur
33%
Sir reginald
33%
Germaine
0%
Mère superieur
0%
soeur marie odile
0%
soldat qui louche
0%
un bassoniste
0%
Aucun quiz correspondant
Distribution des résultats
% des personnes avec chaque résultat
Percentile par nombre de réponses
Votre historique - résultats
Vous n’avez pas pris ce quiz